History and culture, language, and literature : (Record no. 27100)
[ view plain ]
| 000 -LEADER | |
|---|---|
| fixed length control field | 01000nam a2200229 4500 |
| 008 - FIXED-LENGTH DATA ELEMENTS--GENERAL INFORMATION | |
| fixed length control field | 060724s2003 ph b 000 0 eng |
| 020 ## - INTERNATIONAL STANDARD BOOK NUMBER | |
| International Standard Book Number | 9715062202 :Php525 |
| 090 ## - LOCALLY ASSIGNED LC-TYPE CALL NUMBER (OCLC); LOCAL CALL NUMBER (OCLC) | |
| Classification number (OCLC) (R) ; Classification number, CALL (RLIN) (NR) | DS667.26 |
| Local cutter number (OCLC) ; Book number/undivided call number, CALL (RLIN) | .A3 |
| -- | Ag7h |
| 100 1# - MAIN ENTRY--PERSONAL NAME | |
| Personal name | Agoncillo, Teodoro A. |
| Dates associated with a name | 1913-1985 |
| 245 10 - TITLE STATEMENT | |
| Title | History and culture, language, and literature : |
| Remainder of title | selected essays of Teodoro A. Agoncillo / |
| Statement of responsibility, etc | edited by Bernardita Reyes Churchill. |
| 246 30 - VARYING FORM OF TITLE | |
| Title proper/short title | Selected essays of Teodoro A. Agoncillo |
| 260 ## - PUBLICATION, DISTRIBUTION, ETC. (IMPRINT) | |
| Place of publication, distribution, etc | Espana, Manila : |
| Name of publisher, distributor, etc | University of Santo Tomas Pub. House, |
| Date of publication, distribution, etc | c2003. |
| 300 ## - PHYSICAL DESCRIPTION | |
| Extent | xiii, 424 p. ; |
| Dimensions | 23 cm. |
| 504 ## - BIBLIOGRAPHY, ETC. NOTE | |
| Bibliography, etc | Includes bibliographical references. |
| 546 ## - LANGUAGE NOTE | |
| Language note | In English, and some articles in Tagalog. |
| 650 #4 - SUBJECT ADDED ENTRY--TOPICAL TERM | |
| Topical term or geographic name as entry element | Filipino literature |
| General subdivision | History and criticism. |
| 650 #4 - SUBJECT ADDED ENTRY--TOPICAL TERM | |
| Topical term or geographic name as entry element | Philippine literature |
| General subdivision | History and criticism. |
| 651 #4 - SUBJECT ADDED ENTRY--GEOGRAPHIC NAME | |
| Geographic name | Philippines |
| General subdivision | Civilization. |
| 651 #4 - SUBJECT ADDED ENTRY--GEOGRAPHIC NAME | |
| Geographic name | Philippines |
| General subdivision | Historiography. |
| 951 ## - EQUIVALENCE OR CROSS-REFERENCE-GEOGRAPHIC NAME/AREA NAME [OBSOLETE] [CAN/MARC only] | |
| General subdivision | 00033217 |
| 700 1# - ADDED ENTRY--PERSONAL NAME | |
| Personal name | Churchill, Bernardita Reyes. |
| 951 ## - EQUIVALENCE OR CROSS-REFERENCE-GEOGRAPHIC NAME/AREA NAME [OBSOLETE] [CAN/MARC only] | |
| -- | 29690 |
| -- | DS667.26/.A3/Ag7h |
| -- | 070613111602218 |
| -- | 2000-12-21 |
| -- | FIL |
| Withdrawn status | Lost status | Damaged status | Not for loan | Home library | Current library | Shelving location | Date acquired | Accession number | Shelving control number | Total Checkouts | Full call number | Barcode | Date last seen | Price effective from | Koha item type |
|---|---|---|---|---|---|---|---|---|---|---|---|---|---|---|---|
| BSOP Library | BSOP Library | Filipiniana | 12/21/2000 | 29690 | 127 | DS667.26/.A3/Ag7h | 00033217 | 02/23/2013 | 02/23/2013 | Books |
